عرض عادي
عرض مارك
- جعيتم، طارق عبد المجيد عبد القادر
دخول Personal Name
001 - CONTROL NUMBER
- control field: 29151
003 - CONTROL NUMBER IDENTIFIER
- control field: AE-AdECS
005 - DATE AND TIME OF LATEST TRANSACTION
- control field: 20260424083241.0
008 - FIXED-LENGTH DATA ELEMENTS
- fixed length control field: 260424|| aca||aabn | a|a d
040 ## - CATALOGING SOURCE
- Original cataloging agency: AE-AdECS
- Transcribing agency: AE-AdECS
100 ## - HEADING--PERSONAL NAME
- Personal name: جعيتم، طارق عبد المجيد عبد القادر
670 ## - SOURCE DATA FOUND
- Source citation: Work cat.: (AE-AdECS)294893: جعيتم، طارق عبد المجيد عبد القادر مؤلف., إستراتيجيات تطوير العلاقات التجارية والاقتصادية الصينية الإماراتية /
